[Event "Titled Tuesday intern op 30th Apr Late"]
[Site "Chess.com INT"]
[Date "2024.04.30"]
[Round "2"]
[White "Gokhale, Rishabh Chandrashek"]
[Black "Sahakyan, Aleks"]
[Result "0-1"]
[WhiteElo "2079"]
[BlackElo "2339"]
[PlyCount "102"]
[EventDate "2024.04.30"]
[EventType "swiss (blitz)"]
[EventRounds "11"]
[EventCountry "USA"]
[SourceTitle "EXT 2025"]
[Source "ChessBase"]
[SourceDate "2024.10.14"]
[SourceVersion "1"]
[SourceVersionDate "2024.10.14"]
[SourceQuality "1"]

1. d4 Nf6 2. Nf3 e6 3. Bf4 d5 4. e3 b6 5. Bd3 Bd6 6. Bg3 0-0 7. Nbd2 Ba6 8. Qe2 Bxd3 9. Qxd3 c5 10. c3 Nc6 11. 0-0 Qc7 12. Bxd6 Qxd6 13. Rfe1 e5 14. dxe5 Nxe5 15. Nxe5 Qxe5 16. e4 Rfd8 17. Nf3 Qc7 18. exd5 Rxd5 19. Qe2 Rad8 20. Rad1 g6 21. h3 Kg7 22. Rxd5 Rxd5 23. Rd1 Qd6 24. Rxd5 Qxd5 25. a3 Ne4 26. c4 Qe6 27. Qc2 Nd6 28. b3 Qf6 29. Qd3 Nf5 30. Qd7 a5 31. Qc7 Nd4 32. Ne5 Ne2+ 33. Kf1 Ng3+ 34. Kg1 Ne4 35. Ng4 Qa1+ 36. Kh2 Qd4 37. Ne5 Qxf2 38. Ng4 Qd4 39. Qxb6 h5 40. Qc7 hxg4 41. hxg4 Qd6+ 42. Qxd6 Nxd6 43. Kg3 Kf6 44. Kf4 Ke6 45. g5 a4 46. bxa4 Nxc4 47. Ke4 Kd6 48. g4 Na5 49. Kd3 Kd5 50. Kc3 Ke4 51. Kb2 Kd3 0-1

[Event "Titled Tuesday intern op 30th Apr Late"]
[Site "Chess.com INT"]
[Date "2024.04.30"]
[Round "6"]
[White "Slavin, Alexei"]
[Black "Gokhale, Rishabh Chandrashek"]
[Result "1-0"]
[WhiteElo "2364"]
[BlackElo "2079"]
[PlyCount "35"]
[EventDate "2024.04.30"]
[EventType "swiss (blitz)"]
[EventRounds "11"]
[EventCountry "USA"]
[SourceTitle "EXT 2025"]
[Source "ChessBase"]
[SourceDate "2024.10.14"]
[SourceVersion "1"]
[SourceVersionDate "2024.10.14"]
[SourceQuality "1"]

1. e4 d6 2. d4 g6 3. Nc3 Bg7 4. Be3 Nf6 5. Qd2 e5 6. dxe5 dxe5 7. Qxd8+ Kxd8 8. 0-0-0+ Bd7 9. Bc4 Rf8 10. Nf3 Ng4 11. Bc5 Rh8 12. h3 b6 13. hxg4 bxc5 14. Ng5 Ke7 15. Nxf7 Rf8 16. Nd5+ Kxf7 17. Nxc7+ Ke7 18. Rxh7 1-0